00482nam a22001817a 4500003000500000005001700005008004100022010001000063011001000073035001000083040000900093082001800102100002600120245003600146260007900182300001100261650002800272CHAP20220329135522.0971013s r 00010 d a37929 a38901 a43021 cCHAP a630.972bQ85c00aQuintanar, Francisco. aChihuahua, estudios agrícolas a(México, D. F. :bSecretaría de Agricultura y Fomento, S. A.),c(s.a.) a209 p.14aAgriculturaxChihuahua.